LEADER 03605nam 2200625 a 450 001 9910457242303321 005 20200520144314.0 010 $a1-283-40992-5 010 $a9786613409928 010 $a1-906839-72-7 035 $a(CKB)2550000000041987 035 $a(EBL)726725 035 $a(OCoLC)735599670 035 $a(SSID)ssj0001561706 035 $a(PQKBManifestationID)16203985 035 $a(PQKBTitleCode)TC0001561706 035 $a(PQKBWorkID)14832769 035 $a(PQKB)11361076 035 $a(MiAaPQ)EBC726725 035 $a(Au-PeEL)EBL726725 035 $a(CaPaEBR)ebr10492418 035 $a(EXLCZ)992550000000041987 100 $a20110924d2010 uy 0 101 0 $aeng 135 $aur|n|---||||| 181 $ctxt 182 $cc 183 $acr 200 10$aCore clinical cases for medical students$b[electronic resource] $ea problem-based learning approach for succeeding at medical school /$fby Joy Chang and Chirag Mehta 205 $a2nd ed. 210 $aNew Basford [England] $cDevelopmedica$d2010 215 $a1 online resource (663 p.) 225 0 $aSucceeding at medical school series 300 $aDigital edition converted and distributed by Andrews UK Ltd., 2011. 311 $a1-906839-16-6 320 $aIncludes bibliographical references. 327 $a""Cover ""; ""Contents ""; ""Front Matter ""; ""Title Page""; ""Publisher Information""; ""About The Authors""; ""About The Publisher""; ""Tell Us What You Think""; ""Free Companion Material""; ""Foreword by Mr Julian Wong""; ""Foreword by Dr Fiona Leslie""; ""Preface""; ""Contributors""; ""Acknowledgements""; ""Abbreviations""; ""Questions ""; ""Cardiovascular""; ""Respiratory""; ""Gastroenterology""; ""Neurology""; ""Infectious diseases""; ""Endocrinology""; ""Renal""; ""Haematology""; ""Musculoskeletal""; ""Dermatology""; ""Paediatrics""; ""Psychiatry""; ""General surgery"" 327 $a""Obstetrics and Gynaecology""""Orthopaedics""; ""ENT""; ""Urology""; ""Ophthalmology""; ""Communication and Ethics""; ""Answers""; ""Cardiovascular""; ""Respiratory""; ""Gastroenterology""; ""Neurology answers""; ""Infectious Diseases""; ""Endocrinology""; ""Renal""; ""Haematology""; ""Musculoskeletal""; ""Dermatology""; ""Paediatrics""; ""Psychiatry""; ""General Surgery""; ""Obstetrics and Gynaecology""; ""Orthopaedics""; ""ENT""; ""Urology""; ""Ophthalmology""; ""Communication Skills and Ethics""; ""Also Available "" 330 $aAre you looking for a clear and comprehensive core clinical cases revision guide for your finals? Keen to identify a study aid that will assist you at any stage of your Medical School course, and beyond? Require a guide to common problem based learning scenarios? This time-saving revision guide covers the clinical cases commonly asked in medical finals together with cases encountered as part of problem based learning. A wide range of clinical cases are examined, pointing out salient features including: history and examination; differential diagnoses; management and questions that examiners may 410 0$aSucceeding at Medical School 606 $aClinical medicine$vCase studies 606 $aMedical education 608 $aElectronic books. 615 0$aClinical medicine 615 0$aMedical education. 676 $a610.71/141 700 $aChang$b Joy$0866975 701 $aMehta$b Chirag$0866976 801 0$bMiAaPQ 801 1$bMiAaPQ 801 2$bMiAaPQ 906 $aBOOK 912 $a9910457242303321 996 $aCore clinical cases for medical students$91935158 997 $aUNINA LEADER 04674nam 22008055 450 001 996465528203316 005 20201107223056.0 010 $a3-642-39094-3 024 7 $a10.1007/978-3-642-39094-4 035 $a(CKB)2560000000105695 035 $a(DE-He213)978-3-642-39094-4 035 $a(SSID)ssj0000936541 035 $a(PQKBManifestationID)11570074 035 $a(PQKBTitleCode)TC0000936541 035 $a(PQKBWorkID)10974177 035 $a(PQKB)10472713 035 $a(MiAaPQ)EBC3096894 035 $a(PPN)170493113 035 $a(EXLCZ)992560000000105695 100 $a20130605d2013 u| 0 101 0 $aeng 135 $aurnn#008mamaa 181 $ctxt$2rdacontent 182 $cc$2rdamedia 183 $acr$2rdacarrier 200 10$aImage Analysis and Recognition$b[electronic resource] $e10th International Conference, ICIAR, Aveiro, Portugal, June 26-28, 2013, Proceedings /$fedited by Mohamed Kamel, Aurelio Campilho 205 $a1st ed. 2013. 210 1$aBerlin, Heidelberg :$cSpringer Berlin Heidelberg :$cImprint: Springer,$d2013. 215 $a1 online resource (XXII, 809 p. 407 illus.) 225 1 $aImage Processing, Computer Vision, Pattern Recognition, and Graphics ;$v7950 300 $aBibliographic Level Mode of Issuance: Monograph 311 $a3-642-39093-5 320 $aIncludes bibliographical references and index. 327 $aBiometrics: behavioral -- Biometrics: physiological -- Classification and regression -- Object recognition -- Image processing and analysis: representations and models, compression, enhancement , feature detection and segmentation -- 3D image analysis -- Tracking; medical imaging: image segmentation, image registration, image analysis, coronary image analysis, retinal image analysis, computer aided diagnosis, brain image analysis; cell image analysis -- RGB-D camera applications -- Methods of moments -- Applications. 330 $aThis book constitutes the thoroughly refereed proceedings of the 10th International Conference on Image Analysis and Recognition, ICIAR 2013, held in Póvoa do Varzim, Portugal, in June 2013, The 92 revised full papers presented were carefully reviewed and selected from 177 submissions. The papers are organized in topical sections on biometrics: behavioral; biometrics: physiological; classification and regression; object recognition; image processing and analysis: representations and models, compression, enhancement , feature detection and segmentation; 3D image analysis; tracking; medical imaging: image segmentation, image registration, image analysis, coronary image analysis, retinal image analysis, computer aided diagnosis, brain image analysis; cell image analysis; RGB-D camera applications; methods of moments; applications. 410 0$aImage Processing, Computer Vision, Pattern Recognition, and Graphics ;$v7950 606 $aOptical data processing 606 $aArtificial intelligence 606 $aPattern recognition 606 $aComputer graphics 606 $aBiometrics (Biology) 606 $aApplication software 606 $aImage Processing and Computer Vision$3https://scigraph.springernature.com/ontologies/product-market-codes/I22021 606 $aArtificial Intelligence$3https://scigraph.springernature.com/ontologies/product-market-codes/I21000 606 $aPattern Recognition$3https://scigraph.springernature.com/ontologies/product-market-codes/I2203X 606 $aComputer Graphics$3https://scigraph.springernature.com/ontologies/product-market-codes/I22013 606 $aBiometrics$3https://scigraph.springernature.com/ontologies/product-market-codes/I22040 606 $aInformation Systems Applications (incl. Internet)$3https://scigraph.springernature.com/ontologies/product-market-codes/I18040 615 0$aOptical data processing. 615 0$aArtificial intelligence. 615 0$aPattern recognition. 615 0$aComputer graphics. 615 0$aBiometrics (Biology). 615 0$aApplication software. 615 14$aImage Processing and Computer Vision. 615 24$aArtificial Intelligence. 615 24$aPattern Recognition. 615 24$aComputer Graphics. 615 24$aBiometrics. 615 24$aInformation Systems Applications (incl. Internet). 676 $a621.36/7 702 $aKamel$b Mohamed$4edt$4http://id.loc.gov/vocabulary/relators/edt 702 $aCampilho$b Aurelio$4edt$4http://id.loc.gov/vocabulary/relators/edt 801 0$bMiAaPQ 801 1$bMiAaPQ 801 2$bMiAaPQ 906 $aBOOK 912 $a996465528203316 996 $aImage Analysis and Recognition$9772474 997 $aUNISA LEADER 01982nam0 2200493 i 450 001 VAN00126677 005 20240806100822.128 017 70$2N$a9783030295974 100 $a20200213d2019 |0itac50 ba 101 $aeng 102 $aCH 105 $a|||| ||||| 200 1 $aAdvances in Noncommutative Geometry$eOn the Occasion of Alain Connes' 70th Birthday$fAli Chamseddine ?$bet al.] editors 210 $aCham$cSpringer$d2019 215 $avii, 751 p.$cill.$d24 cm 500 1$3VAN00236630$aAdvances in Noncommutative Geometry$91668116 606 $a58B34$xNoncommutative geometry (a la Connes) [MSC 2020]$3VANC021523$2MF 610 $aAlain Connes 70th birthday$9KW:K 610 $aArithmetic Algebraic Geometry$9KW:K 610 $aBaum-Connes conjecture$9KW:K 610 $aCyclic cohomology$9KW:K 610 $aDixmier traces$9KW:K 610 $aGaussian curvature$9KW:K 610 $aGeometric Analysis$9KW:K 610 $aIndex theory$9KW:K 610 $aK-theory$9KW:K 610 $aLie groupoids$9KW:K 610 $aNon-commutative Geometry$9KW:K 610 $aQuantum Field Theory$9KW:K 610 $aRiemann hypothesis$9KW:K 610 $aRiemann-Roch strategy$9KW:K 610 $aSpectral geometry$9KW:K 610 $aSpectral triples$9KW:K 620 $aCH$dCham$3VANL001889 702 1$aChamseddine$bAli$3VANV098057 712 $aSpringer $3VANV108073$4650 801 $aIT$bSOL$c20250606$gRICA 856 4 $uhttp://doi.org/10.1007/978-3-030-29597-4$zE-book ? Accesso al full-text attraverso riconoscimento IP di Ateneo, proxy e/o Shibboleth 899 $aBIBLIOTECA DEL DIPARTIMENTO DI MATEMATICA E FISICA$1IT-CE0120$2VAN08 912 $fN 912 $aVAN00126677 950 $aBIBLIOTECA DEL DIPARTIMENTO DI MATEMATICA E FISICA$d08DLOAD e-book 1484 $e08eMF1484 20200213 996 $aAdvances in Noncommutative Geometry$91668116 997 $aUNICAMPANIA